000 00188 a2200097 4500
001 6978
100 _aLay, J.E
245 _aThermodynamics
260 _a
_bPitman
_c
090 _c5761
_d5761
942 _aNUST-CAE
_cM
_c32224
999 _c242051
_d242051